| 000 | 00655nam a2200169 a 4500 | ||
|---|---|---|---|
| 005 | 20221118063538.0 | ||
| 008 | 991125s1952 mx 000 0 spa u | ||
| 035 | _aUPN01000039082 | ||
| 049 | _aLT | ||
| 050 | 4 |
_aLB1573 M6.4 _bC8.4 |
|
| 100 | 1 |
_aCuervo Martínez, Francisco _942027 |
|
| 245 | 1 | 0 |
_aMéxico : _blibro nacional de lectura : para uso de los alumnos de cuarto año de la escuela primaria _bpara uso de los alumnos de cuarto año de la escuela primaria / _carreglado por Francisco Cuervo Martínez. |
| 260 |
_aMéxico : _bPatria, _c1952. |
||
| 300 |
_a255 p. : _bil. |
||
| 650 | 4 |
_aLectura _xEstudio y enseñanza (Elemental) _92805 |
|
| 905 | _aLibro | ||
| 999 |
_c39082 _d39082 |
||